Hodnotenie kvality produktov v poistení bakalárska práca

Saved in:
Bibliographic Details
Main Author: Beňová, Petra
Corporate Author: Národohospodárska fakulta EU. Katedra poisťovníctva
Other Authors: Brokešová, Zuzana, 1985-
Format: Book
Language:Slovak
Published: Bratislava 2025
Tags: Add Tag
No Tags, Be the first to tag this record!

MARC

LEADER 00000nbm a2200000 4500
001 0309321
005 20251021093217.8
041 0 |a slo 
044 |a SK 
245 1 0 |a Hodnotenie kvality produktov v poistení  |b bakalárska práca  |c Petra Beňová ; školiteľ: Zuzana Brokešová 
264 1 |a Bratislava  |c 2025 
300 |a 41 s. 
100 1 |a Beňová, Petra 
700 1 |a Brokešová, Zuzana, 1985- 
710 2 |a Národohospodárska fakulta EU. Katedra poisťovníctva